| 000 | 00588cam a2200205 4500 | ||
|---|---|---|---|
| 001 | WB3617-30 | ||
| 008 | 000000n2000 000 0 eng u | ||
| 035 | _a(Sirsi) u105807 | ||
| 245 | _aFeudal rights abolished | ||
| 260 | _c2000 | ||
| 490 |
_aScotsman _v4 May 2000, 10(1) |
||
| 520 | _aMSPs have approved a bill which marks the start of a process to abolish the feudal system and implement land reform in Scotland. | ||
| 590 | _aWB | ||
| 650 | _aLAND REFORM | ||
| 650 | _aSCOTLAND | ||
| 650 | _aFEUDAL SYSTEM | ||
| 650 | _aLAND OWNERSHIP | ||
| 690 | _aPROPERTY | ||
| 942 | _n0 | ||
| 999 |
_c63356 _d63356 |
||